| 000 | 00843nam a2200241 a 4500 | ||
|---|---|---|---|
| 001 | 48545 | ||
| 003 | BD-RjUL | ||
| 005 | 20211209054537.0 | ||
| 008 | 160814s1985 b ||||| |||| 00| 0 eng d | ||
| 020 | _c : Tk.15.00 | ||
| 035 | _a(BD-RjUL)48664 | ||
| 040 |
_aBD-RjUL _bben _cBD-RjUL |
||
| 041 | _aben | ||
| 082 |
_223 _a523.8875 _bISK 1985 |
||
| 100 | 1 |
_aইসলাম, জামাল নজরুল _9146709 |
|
| 245 | 1 | 0 |
_aকৃষ্ণ বিবর / _cজামাল নজরুল ইসলাম. |
| 260 |
_aঢাকা : _bবাংলা একাডেমী, _c১৯৮৫. |
||
| 300 |
_a৭৯ পৃ ; _c২১ সেমি |
||
| 490 | _aভাষা-শহীদ গ্রন্থমালা সিরিজ | ||
| 650 |
_aকালো গহ্বর _9146710 |
||
| 650 |
_aBlack holes _9146711 |
||
| 942 |
_2ddc _cBK |
||
| 999 |
_c48545 _d48545 |
||